Motor vehicle use map, Boise National Forest, Cascade Ranger District, Idaho /

Bibliographic Details
Corporate Author: United States. Forest Service (Cartographer)
Format: Government Document Map Serial
Language:English
Published: [Boise, Idaho] : Forest Service, United States Department of Agriculture, 2015-
Subjects:

MARC

Tag First Indicator Second Indicator Subfields
LEADER 00000ces a2200000Ii 4500
001 in00003539813
005 20151105195557.0
006 sar f0 0
007 aj aanzn
008 150408c20159999utu bh c f 0 eng d
034 1 |a a  |b 63360  |d W1161500  |e W1151500  |f N0445230  |g N0442230 
035 |a (OCoLC)ocn906831943 
040 |a GPO  |b eng  |e rda  |c GPO  |d GPO  |d MvI  |d UtOrBLW 
043 |a n-us-id 
049 |a UDOC 
052 |a 4272  |b B6 
074 |a 0080-G 
086 0 |a A 13.28:B 63/16/ 
110 1 |a United States.  |b Forest Service,  |e cartographer. 
245 1 0 |a Motor vehicle use map, Boise National Forest, Cascade Ranger District, Idaho /  |c Forest Service, United States Department of Agriculture. 
255 |a Scale approximately 1:63,360 ;  |b universal transverse Mercator projection  |c (W 116°15ʹ00ʺ--W 115°15ʹ00ʺ/N 44°52ʹ30ʺ--N 44°22ʹ30ʺ). 
264 1 |a [Boise, Idaho] :  |b Forest Service, United States Department of Agriculture,  |c 2015- 
300 |a maps :  |b both sides ;  |c 83 x 76 cm, on sheet 86 x 184 cm, folded to 23 x 11 cm 
310 |a Annual 
336 |a cartographic image  |b cri  |2 rdacontent 
337 |a unmediated  |b n  |2 rdamedia 
338 |a sheet  |b nb  |2 rdacarrier 
362 1 |a Began with 2015. 
500 |a "FS 873-0402." 
500 |a Includes text, illustrations, insets, vicinity maps, and tables on seasonal and special vehicle designations and on roads too short to be seen clearly on the map. 
588 |a Description based on: 2015; title from panel. 
588 |a Latest issue consulted: 2015. 
650 0 |a Motor vehicles  |x Recreational use  |z Idaho  |z Boise National Forest  |v Maps. 
650 0 |a Forest roads  |z Idaho  |z Boise National Forest  |v Maps. 
651 0 |a Boise National Forest (Idaho)  |v Maps. 
655 7 |a Road maps.  |2 lcgft 
776 0 8 |i Online version:  |a United States. Forest Service.  |t Motor vehicle use map, Boise National Forest, Cascade Ranger District, Idaho  |w (OCoLC)889247907 
999 |a MARS 
999 f f |s 45ea6658-8cea-35f5-bce5-a017d8b14390  |i 77210600-c4e4-3ac8-b911-1b50192512f7  |t 0 
952 f f |p normal  |a Texas A&M University  |b College Station  |c Sterling C. Evans Library  |d Evans: Maps File (2nd floor)  |t 0  |e A 13.28:B 63/16/  |h Superintendent of Documents classification  |i unmediated -- sheet  |k 2017  |m A14842687346 
952 f f |p normal  |a Texas A&M University  |b College Station  |c Sterling C. Evans Library  |d Evans: Maps File (2nd floor)  |t 0  |e A 13.28:B 63/16/  |h Superintendent of Documents classification  |i unmediated -- sheet  |k 2016  |m A14842661739 
952 f f |p normal  |a Texas A&M University  |b College Station  |c Sterling C. Evans Library  |d Evans: Maps File (2nd floor)  |t 0  |e A 13.28:B 63/16/  |h Superintendent of Documents classification  |i unmediated -- sheet  |k 2015  |l 2015  |m A14842648280 
952 f f |p normal  |a Texas A&M University  |b College Station  |c Sterling C. Evans Library  |d Evans: Maps File (2nd floor)  |t 0  |e A 13.28:B 63/16/  |h Superintendent of Documents classification  |i unmediated -- sheet  |k 2018  |m A14842707219 
998 f f |a A 13.28:B 63/16/  |s 2015-2018  |t 0  |l Evans: Maps File (2nd floor)